La rebelión de Tupac Amaru /
Guardado en:
| Autor Corporativo: | |
|---|---|
| Formato: | |
| Series: | América, historia de una conquista
|
| Materias: | |
| Etiquetas: |
Agregar Etiqueta
Sin Etiquetas, Sea el primero en etiquetar este registro!
|
| LEADER | 01001ngm a22002535g 4500 | ||
|---|---|---|---|
| 001 | CEM.cems022769 | ||
| 008 | 130507b2005##################0###0#####d | ||
| 005 | 20241115162035.0 | ||
| 245 | 1 | 0 | |a La rebelión de Tupac Amaru / |c Canal ?. |
| 300 | |a 27'. | ||
| 490 | 0 | |a América, historia de una conquista | |
| 500 | |a En soporte VHS, consultar en ventanilla. | ||
| 505 | 0 | |a Imperio Inca: organización política, económica y social. Su caída en manos de los conquistadores. Injusticias sociales del virreinato. Las rebeliones indígenas. Tupac Amaru II: liderazgo y reivindicaciones. Rebelión armada. | |
| 538 | |a Soporte: VHS - Norma: Pal N - Color: Si - Grabación DRD 2005 - Hitachi=4100 | ||
| 110 | 2 | |a Canal ? | |
| 082 | 9 | 7 | |. 9/AME |
| 653 | |a HISTORIA AMERICANA | ||
| 653 | |a AMERICA | ||
| 653 | |a TUPAC AMARU | ||
| 653 | |a INCAS | ||
| 653 | |a IMPERIO INCA | ||
| 653 | |a NIVEL PRIMARIO | ||
| 653 | |a NIVEL SECUNDARIO | ||
| 859 | |a CEMS |b BIB. CEMS - Depto. Recursos Didacticos |h 972.9 |i AME |k DRD |p 1412.12 |t Ej.1 | ||
